00538cam a22001457a 4500008004000000082001500040100002000055245006900075260003500144300001000179650004900189650004900238999001900287952008600306180718b1977 xxu||||| |||| 00| 0 eng d aF5x47 H555 aHill, Ronald J. aSoviet political elites: the case of Tiraspolcby Ronald J. Hill aLondonbMartin Robertsonc1977 a226p. aTiraspol (Moldova) --Politics and government aElite (Social sciences) --Moldova --Tiraspol c346228d346228 00104070aIIPAbIIPAd1993-10-10oF5x47 H555p53048r2018-07-21w2018-07-21yBK